000 00258nam a22001097a 4500
008 170125b xxu||||| |||| 00| 0 eng d
020 _a9781933107639
041 _aeng
080 _24TH
_a618.2
245 _aPHARMACOLOGY FOR NURSING
_cPLATT, D
942 _2udc
_cBK
999 _c3562
_d3562